| 000 | 00592nam a2200229Ia 4500 | ||
|---|---|---|---|
| 003 | OSt | ||
| 005 | 20220924133904.0 | ||
| 006 | a|||||r|||| 00| 0 | ||
| 007 | ta | ||
| 008 | 220923b |||||||| |||| 00| 0 tam d | ||
| 024 | _a269631 | ||
| 037 | _cTextual | ||
| 040 |
_aARTS _cARTS _btam |
||
| 041 |
_2tam _atam |
||
| 082 | _aO42,3D978,1, 31K5 | ||
| 100 |
_aMurasaki Seemati _9207597 |
||
| 245 | 0 | _aKengi kathai | |
| 260 | _c1965 | ||
| 650 |
_aJAPANESE LITERATURE _929811 |
||
| 942 |
_hO42,3D978,1, 31K5 _cTEXL _2CC |
||
| 999 |
_c435615 _d435615 |
||